Catálogo
 En Linea

Recopilación jurisprudencia integrada de las decisones de la Suprema Corte de Justicia de la República Dominicana : (Registro nro. 49111)

Detalles MARC
000 -CABECERA
campo de control de longitud fija 00734nam a22002057a 4500
003 - IDENTIFICADOR DEL NÚMERO DE CONTROL
campo de control OSt
005 - FECHA Y HORA DE LA ÚLTIMA TRANSACCIÓN
campo de control 20220531084005.0
007 - CAMPO FIJO DE DESCRIPCIÓN FÍSICA--INFORMACIÓN GENERAL
campo de control de longitud fija ta
008 - DATOS DE LONGITUD FIJA--INFORMACIÓN GENERAL
campo de control de longitud fija 201106e1984 dr ||||frg||| 00| 0dspa d
040 ## - FUENTE DE LA CATALOGACIÓN
Centro catalogador/agencia de origen DO-SdBNP
Lengua de catalogación spa
Centro/agencia transcriptor BNPHU
041 ## - CÓDIGO DE LENGUA
Código de lengua original spa
082 ## - NÚMERO DE LA CLASIFICACIÓN DECIMAL DEWEY
Número de clasificación xxx
Número de documento/Ítem G643re
240 ## - TÍTULO UNIFORME
Título uniforme [Ley] .
245 ## - MENCIÓN DE TÍTULO
Título Recopilación jurisprudencia integrada de las decisones de la Suprema Corte de Justicia de la República Dominicana :
Resto del título materia penal, doce (12) años (1972 - 1983) /
Mención de responsabilidad, etc. L. Almánzor González Canahuate , comp.
260 ## - PUBLICACIÓN, DISTRIBUCIÓN, ETC.
Lugar de publicación, distribución, etc. Santo Domingo :
Nombre del editor, distribuidor, etc. Alfa y Omega ,
Fecha de publicación, distribución, etc. 1984
300 ## - DESCRIPCIÓN FÍSICA
Extensión 505 pag. ;
Dimensiones 22 cm
500 0# - NOTA GENERAL
Nota general Contiene índice alfabético.
501 ## - NOTA DE "CON"
Nota de “Con” Contiene referencia bibliográfica al pié de página.
942 ## - ELEMENTOS DE PUNTO DE ACCESO ADICIONAL (KOHA)
Fuente del sistema de clasificación o colocación Dewey Decimal Classification
Tipo de ítem Koha Libro
Existencias
Estado de retiro Estado de pérdida Fuente del sistema de clasificación o colocación No para préstamo Código de colección Localización permanente Ubicación/localización actual Ubicación en estantería Fecha de adquisición Fuente de adquisición Número de inventario Total de préstamos Signatura topográfica completa Fecha visto por última vez Precio válido a partir de Tipo de ítem Koha
    Dewey Decimal Classification Excluido de préstamo Monografías: Libros y Folletos Patrimonio Dominicano Patrimonio Dominicano En catalogación 03.01.2017 Donado por la biblioteca del Poder Judicial LF1   xxx G643re 06.11.2020 06.11.2020 Libro

Con tecnología Koha